Nacimientos (Record no. 4272)
[ view plain ]
| 000 -CABECERA | |
|---|---|
| campo de control de longitud fija | 00903nam a2200265 a 4500 |
| 001 - NÚMERO DE CONTROL | |
| campo de control | BRCA_4567 |
| 005 - FECHA Y HORA DE LA ÚLTIMA TRANSACCIÓN | |
| campo de control | 20190320204724.0 |
| 008 - DATOS DE LONGITUD FIJA--INFORMACIÓN GENERAL | |
| campo de control de longitud fija | 230910s1951----sp-a######---#000-0#spa-# |
| 041 ## - CÓDIGO DE LENGUA | |
| Código de lengua del texto/banda sonora o título independiente | spa |
| 044 ## - CÓDIGO DEL PAÍS DE LA ENTIDAD EDITORA/PRODUCTORA | |
| Código MARC del país | sp |
| 050 #4 - SIGNATURA TOPOGRÁFICA DE LA BIBLIOTECA DEL CONGRESO | |
| Número de clasificación | N8060 |
| Número de documento/Ítem | .F47 1951 |
| 245 10 - MENCIÓN DE TÍTULO | |
| Título | Nacimientos |
| Resto del título | exposición celebrada en el Museo Nacional de Artes Decorativas |
| Mención de responsabilidad, etc. | Pilar Fernández Vega de Ferrandis, introducción y notas ; fotografía Vallmitjana. |
| 260 ## - PUBLICACIÓN, DISTRIBUCIÓN, ETC. | |
| Lugar de publicación, distribución, etc. | Madrid |
| Nombre del editor, distribuidor, etc. | Afrodisio Aguado |
| Fecha de publicación, distribución, etc. | 1951 |
| 300 ## - DESCRIPCIÓN FÍSICA | |
| Extensión | 73 p. |
| Otras características físicas | il., 51 láminas |
| Dimensiones | 19 cm. |
| 440 #0 - MENCIÓN DE SERIE/PUNTO DE ACCESO ADICIONAL--TÍTULO | |
| Título | Artes decorativas en España |
| Designación de volumen o secuencia | 4 |
| 9 (RLIN) | 11576 |
| 500 ## - NOTA GENERAL | |
| Nota general | Estado físico: Lomo desprendido |
| 500 ## - NOTA GENERAL | |
| Nota general | CFG66 |
| 650 14 - PUNTO DE ACCESO ADICIONAL DE MATERIA--TÉRMINO DE MATERIA | |
| Término de materia o nombre geográfico como elemento de entrada | Arte decorativo |
| Subdivisión geográfica | Madrid |
| 9 (RLIN) | 11577 |
| 650 14 - PUNTO DE ACCESO ADICIONAL DE MATERIA--TÉRMINO DE MATERIA | |
| Término de materia o nombre geográfico como elemento de entrada | Jesucristo |
| Subdivisión general | Arte |
| 9 (RLIN) | 11578 |
| 650 14 - PUNTO DE ACCESO ADICIONAL DE MATERIA--TÉRMINO DE MATERIA | |
| Término de materia o nombre geográfico como elemento de entrada | Galerías y museos |
| Subdivisión geográfica | España |
| 9 (RLIN) | 7331 |
| 700 1# - PUNTO DE ACCESO ADICIONAL--NOMBRE DE PERSONA | |
| Nombre de persona | Fernández Vega de Ferrandis, Pilar |
| 9 (RLIN) | 11579 |
| 700 1# - PUNTO DE ACCESO ADICIONAL--NOMBRE DE PERSONA | |
| Nombre de persona | Vallmitjana |
| 9 (RLIN) | 11580 |
| 902 ## - CATALOGADOR | |
| Iniciales | GFM |
| 942 ## - ELEMENTOS DE PUNTO DE ACCESO ADICIONAL (KOHA) | |
| Fuente del sistema de clasificación o colocación | Library of Congress Classification |
| Tipo de ítem Koha | Libros |
| Estado de retiro | Estado de pérdida | Estado dañado | No para préstamo | Localización permanente | Ubicación/localización actual | Fecha de adquisición | Número de inventario | Total de préstamos | Signatura topográfica completa | Código de barras | Fecha visto por última vez | Precio válido a partir de | Tipo de ítem Koha |
|---|---|---|---|---|---|---|---|---|---|---|---|---|---|
| El ejemplar forma parte de la colección y puede ser consultado según las políticas vigentes. | Biblioteca del Museo Franz Mayer (Rogerio Casas-Alatriste) | Biblioteca del Museo Franz Mayer (Rogerio Casas-Alatriste) | 23/09/2010 | CFG66 | N8060 .F47 1951 (CFG66) | 4565 | 22/03/2019 | 22/03/2019 | Libros |